Televising Restoration Spain History and Fiction in Twenty-First-Century Costume Dramas /

This edited volume examines the historical, political, cultural, and aesthetic implications of re-visiting Restoration Spain (1874-1931) in television costume dramas produced since 2000. Contributors analyze, from different theoretical approaches and disciplinary perspectives, the appeal that the la...

Full description

Bibliographic Details
Corporate Author: SpringerLink (Online service)
Other Authors: George, Jr., David R. (Editor, http://id.loc.gov/vocabulary/relators/edt), Tang, Wan Sonya (Editor, http://id.loc.gov/vocabulary/relators/edt)
Format: Electronic eBook
Language:English
Published: Cham : Springer International Publishing : Imprint: Palgrave Macmillan, 2018.
Edition:1st ed. 2018.
Subjects:
Online Access:Full Text via HEAL-Link
LEADER 04842nam a2200529 4500
001 978-3-319-96196-5
003 DE-He213
005 20191021223356.0
007 cr nn 008mamaa
008 180910s2018 gw | s |||| 0|eng d
020 |a 9783319961965  |9 978-3-319-96196-5 
024 7 |a 10.1007/978-3-319-96196-5  |2 doi 
040 |d GrThAP 
050 4 |a PN1993-1999 
072 7 |a AP  |2 bicssc 
072 7 |a PER000000  |2 bisacsh 
072 7 |a AT  |2 thema 
082 0 4 |a 791.4094  |2 23 
245 1 0 |a Televising Restoration Spain  |h [electronic resource] :  |b History and Fiction in Twenty-First-Century Costume Dramas /  |c edited by David R. George, Jr., Wan Sonya Tang. 
250 |a 1st ed. 2018. 
264 1 |a Cham :  |b Springer International Publishing :  |b Imprint: Palgrave Macmillan,  |c 2018. 
300 |a XV, 269 p. 10 illus. in color.  |b online resource. 
336 |a text  |b txt  |2 rdacontent 
337 |a computer  |b c  |2 rdamedia 
338 |a online resource  |b cr  |2 rdacarrier 
347 |a text file  |b PDF  |2 rda 
505 0 |a 1. Introduction (David R. George, Jr. and Wan Sonya Tang) -- Part I. Producing Heritage -- 2. Fortunata's Long Shadow: the Restoration as Televisual Heritage in Acacias 38 and El secreto de Puente Viejo (David R. George, Jr.) -- 3. Profane Unions: Constructing Heritage from Anarchist-Bourgeois Romances in Ull per ull and Barcelona, ciutat neutral (Elena Cueto Asín) -- Part II. Imagining Technologies -- 4. New Technologies and Transmedia Storytelling in Víctor Ros: Captivating Audiences at the Turn of the Century (Mónica Barrientos-Bueno and Ángeles Martínez-García) -- 5. From Photography to Forensics: Technology, Modernity, and the Internationalization of Spanish History in Gran Hotel (Wan Sonya Tang) -- Part III. Constructing Genders -- 6. Dresses, Cassocks, and Coats: Costuming Restoration Gender Fantasies in La Señora (2008-2010) (Nicholas Wolters) -- 7. "Las normas son para romperlas": Emilia Pardo Bazán, Carmen de Burgos, and the Unruly Women of Seis hermanas (Linda M. Willem) -- Part IV. Restoring the Telenovela -- 8. Bandolera: Limits and Possibilities of Period Telenovelas (Francisca López) -- 9. Creating Locally for a Global Audience: Seis hermanas and the Costume Serial Drama as Quality Television (Concepción Cascajosa Virino) -- Part V. Sensing the Ending -- 10. Commercializing Nostalgia and Constructing Memory in As leis de Celavella (María Gil Poisa) -- 11. "Felices años veinte"? Las chicas del cable and the Iconicity of 1920s Madrid (Leslie J. Harkema) -- 12. The End of the Restoration: A Vision from the Early Second Republic in 14 de abril. La República (Iván Gómez García). 
520 |a This edited volume examines the historical, political, cultural, and aesthetic implications of re-visiting Restoration Spain (1874-1931) in television costume dramas produced since 2000. Contributors analyze, from different theoretical approaches and disciplinary perspectives, the appeal that the late nineteenth and early twentieth centuries hold for twenty-first-century Spanish audiences, as well as for international viewers who consume these programs through new media platforms. Themes and issues explored include: the production of televisual heritage, representations of period technologies, evolving constructions of gender, hybridization of television genres, and television as historian. Expanding the scope of inquiry in Spanish media studies, this collection seeks to bring Spain into wider discussions of media and historical representation and visual and material culture in Europe, the Americas, and beyond. 
650 0 |a Motion pictures-European influences. 
650 0 |a Ethnology-Europe. 
650 0 |a Film genres. 
650 0 |a Motion pictures. 
650 1 4 |a European Cinema and TV.  |0 http://scigraph.springernature.com/things/product-market-codes/413060 
650 2 4 |a European Culture.  |0 http://scigraph.springernature.com/things/product-market-codes/411070 
650 2 4 |a Genre.  |0 http://scigraph.springernature.com/things/product-market-codes/413110 
650 2 4 |a Close Reading.  |0 http://scigraph.springernature.com/things/product-market-codes/413250 
650 2 4 |a Film/TV Industry.  |0 http://scigraph.springernature.com/things/product-market-codes/413170 
700 1 |a George, Jr., David R.  |e editor.  |4 edt  |4 http://id.loc.gov/vocabulary/relators/edt 
700 1 |a Tang, Wan Sonya.  |e editor.  |4 edt  |4 http://id.loc.gov/vocabulary/relators/edt 
710 2 |a SpringerLink (Online service) 
773 0 |t Springer eBooks 
776 0 8 |i Printed edition:  |z 9783319961958 
776 0 8 |i Printed edition:  |z 9783319961972 
776 0 8 |i Printed edition:  |z 9783030071523 
856 4 0 |u https://doi.org/10.1007/978-3-319-96196-5  |z Full Text via HEAL-Link 
912 |a ZDB-2-LCM 
950 |a Literature, Cultural and Media Studies (Springer-41173)